[Event "Cologne Longerich op 8th"]
[Site "Cologne"]
[Date "2011.08.13"]
[Round "2"]
[White "Sewald, Kathrin"]
[Black "Schwibbert, Jonas"]
[Result "1-0"]
[WhiteElo "847"]
[BlackElo "1163"]
[PlyCount "83"]
[EventDate "2011.08.12"]
[EventType "swiss"]
[EventRounds "5"]
[EventCountry "GER"]
[SourceTitle "EXT 2017"]
[Source "ChessBase"]
[SourceDate "2016.10.25"]
[SourceVersion "1"]
[SourceVersionDate "2016.10.25"]
[SourceQuality "1"]

1. e4 e5 2. Nf3 Nf6 3. Nxe5 Qe7 4. Nf3 Nxe4 5. Be2 b6 6. 0-0 Bb7 7. Re1 Qf6 8. Nc3 Ng5 9. Ba6+ Be7 10. Bxb7 c6 11. Bxa8 0-0 12. Bb7 Bd6 13. d4 Nxf3+ 14. Qxf3 Qh4 15. h3 Qxd4 16. Rd1 Qe5 17. g3 Bc5 18. Bf4 Qf5 19. Rac1 g5 20. g4 Qxf4 21. Qxf4 gxf4 22. Ne4 d5 23. Nf6+ Kh8 24. Re1 Bd4 25. Re8 Rxe8 26. Nxe8 Bxb2 27. Re1 a5 28. Re7 f6 29. Rc7 d4 30. Rc8 c5 31. Rxb8 c4 32. Nxf6+ Kg7 33. Nh5+ Kh6 34. Be4 f3 35. Rxb6+ Kg5 36. Rxb2 d3 37. cxd3 c3 38. Rc2 a4 39. Rxc3 a3 40. Rc5+ Kh4 41. Nf6 Kxh3 42. Rh5# 1-0

[Event "Cologne Longerich op 8th"]
[Site "Cologne"]
[Date "2011.08.12"]
[Round "1"]
[White "Schwibbert, Jonas"]
[Black "Sherif, Amina"]
[Result "0-1"]
[WhiteElo "1163"]
[BlackElo "1559"]
[PlyCount "60"]
[EventDate "2011.08.12"]
[EventType "swiss"]
[EventRounds "5"]
[EventCountry "GER"]
[SourceTitle "CBM 144 Extra"]
[Source "ChessBase"]
[SourceDate "2011.10.28"]
[SourceVersion "1"]
[SourceVersionDate "2011.10.28"]
[SourceQuality "1"]

1. d4 d5 2. c4 c6 3. Nc3 Nf6 4. Bg5 Qa5 5. Bxf6 exf6 6. a3 dxc4 7. e3 Be6 8. Nf3 Na6 9. Nd2 b5 10. g3 Be7 11. Bg2 Rc8 12. e4 0-0 13. f4 Rfe8 14. 0-0 Qb6 15. Nf3 Rcd8 16. f5 Bc8 17. Ne2 Nc5 18. Qc2 Nb7 19. a4 Na5 20. axb5 cxb5 21. Kh1 Bb7 22. Rad1 Bd6 23. d5 Qe3 24. Nc3 b4 25. Rfe1 Qc5 26. Na4 Qb5 27. Nd4 Qd7 28. b3 cxb3 29. Nxb3 Qxa4 30. Ra1 Qxb3 0-1